Católogo único de obras de medicina legal en Santiago, Valparaíso y Concepción
Salvato in:
| Autore principale: | |
|---|---|
| Natura: | Libro |
| Lingua: | spagnolo |
| Pubblicazione: |
Santiago
Jurídica de Chile
1970
|
| Soggetti: | |
| Tags: |
Aggiungi Tag
Nessun Tag, puoi essere il primo ad aggiungerne!!
|
MARC
| LEADER | 00000nam a2200000 a 4500 | ||
|---|---|---|---|
| 001 | UCT8805 | ||
| 003 | CL-VaPUC | ||
| 008 | 970326e19700000CL |||||||||||||||||spa|d | ||
| 082 | 0 | 4 | |a 344.04 |b CEL |2 21 |
| 100 | 0 | |a Celis Urrutia, Carmen Gloria |e author |9 380891 | |
| 245 | 1 | 0 | |a Católogo único de obras de medicina legal en Santiago, Valparaíso y Concepción |
| 300 | |a 120 p | ||
| 942 | |c BK | ||
| 945 | |d 19970326 00:00:00 |a paguirre | ||
| 260 | |a Santiago |b Jurídica de Chile |c 1970 | ||
| 650 | 7 | |a MEDICINA LEGAL |2 CL-VaPUC |9 380892 | |
| 650 | 0 | |a Repertorio |9 258863 | |
| 650 | 7 | |a CATOLOGOS |2 CL-VaPUC |9 380893 | |
| 650 | 0 | |a Ìndices |9 258316 | |
| 651 | 0 | |a Santiago |9 265444 | |
| 651 | 0 | |a Concepción |9 254982 | |
| 651 | 0 | |a Valparaíso, Chile |9 261144 | |
| 583 | |a last modification |c 19970326 00:00:00 |k Rodrigo Vera | ||
| 999 | |c 257284 |d 257282 | ||
| 952 | |0 0 |1 0 |4 0 |6 344_040000000000000_CEL_1970 |7 0 |8 F |9 280630 |a BIBDER |b BIBDER |d 2019-11-19 |i 1817868 |o 344.04 CEL 1970 |p 1817868 |r 2023-01-25 |w 2019-11-19 |y BK_F |k DER | ||